|
|
|
|
| LEADER |
00826nab a2200205 i 4500 |
| 001 |
acta47808 |
| 005 |
20260120120656.0 |
| 008 |
170711s1995 hu o 000 eng d |
| 022 |
|
|
|a 0866-5443
|
| 040 |
|
|
|a SZTE Egyetemi Kiadványok Repozitórium
|b hun
|
| 041 |
|
|
|a eng
|
| 100 |
1 |
|
|a Hably Lilla
|
| 245 |
1 |
4 |
|a The biography and paleobotanical activity of Prof. Gábor Andreánszky
|h [elektronikus dokumentum] :
|b commemoration of the 100th anniversary of his birth /
|c Hably Lilla
|
| 260 |
|
|
|c 1995
|
| 300 |
|
|
|a 9-11
|
| 490 |
0 |
|
|a Plant cell biology and development
|v 6
|
| 650 |
|
4 |
|a Természettudományok
|
| 650 |
|
4 |
|a Biológiai tudományok
|
| 695 |
|
|
|a Andreánszky Gábor, Paleobotanika - Magyarország - 20. sz. - életmű - életrajz
|
| 856 |
4 |
0 |
|u http://acta.bibl.u-szeged.hu/47808/1/plant_cell_006_009-011.pdf
|z Dokumentum-elérés
|